Boom Times For The End of The World/ (Record no. 206016)

MARC details
000 -LEADER
fixed length control field 00580nam a22001817a 4500
005 - DATE AND TIME OF LATEST TRANSACTION
control field 20240930121915.0
010 ## - LCCN (DPL NO)
LC control number ENG-141792
020 ## - INTERNATIONAL STANDARD BOOK NUMBER
International Standard Book Number 97893573145135
Terms of availability 699.00
035 ## - SYSTEM CONTROL NUMBER
System control number EN-125324
037 ## - SOURCE OF ACQUISITION
Source of stock number/acquisition DBAD
082 ## - DEWEY DECIMAL CLASSIFICATION NUMBER
Classification number 824
100 ## - MAIN ENTRY--PERSONAL NAME
Personal name Timberg, Scott
245 ## - TITLE STATEMENT
Title Boom Times For The End of The World/
Statement of responsibility, etc By Scott Timberg
260 ## - PUBLICATION, DISTRIBUTION, ETC. (IMPRINT)
Place of publication, distribution, etc Gurugram
Name of publisher, distributor, etc Hachelle Book Publishing India Pvt Ltd
Date of publication, distribution, etc 2023
270 ## - ADDRESS
Address 4th & 5th Floor, Corporate Centre, Plot No. 94, Sector 44
City Gurugram
Postal code 122003
300 ## - PHYSICAL DESCRIPTION
Extent 305p.
Dimensions 22cm.(pb)
942 ## - ADDED ENTRY ELEMENTS (KOHA)
Source of classification or shelving scheme Dewey Decimal Classification
Item type English Books
Classification part 824
Call number suffix TIM
Holdings
Withdrawn status Lost status Not for loan Collection code Home library Current library Date acquired Source of acquisition Cost, normal purchase price Full call number Barcode Copy number Cost, replacement price Koha item type
      Non-fiction Ashok Vihar Ashok Vihar 30/09/2024 Delivery of Books Act Division 699.00 824 TIM EN-125324 1 699.00 English Books

© Delhi Public Library
Hit Counter
free hit counter